000
00213nam a22001097a 4500
082
_a
HOL
100
_a
Holman
245
_a
Science Green
260
_a
London
_b
McGraw Hill
_c
1974
300
_a
374
942
_c
BK
999
_c
12538
_d
12538